000 00839nam a2200253Ia 4500
003 OSt
005 20220923212629.0
006 a|||||r|||| 00| 0
007 ta
008 220922b |||||||| |||| 00| 0 hin d
024 _a154,688
037 _cTextual
040 _aARTS
_cARTS
_bhin
041 _2hin
_ahin
082 _aO152,2N305w,1, N0.1
100 _aअग्रवाल, प्रतिभा
245 0 _aदस्तक जिन्दगी की
246 _aDastak jindagī kī
260 _aकलकत्ता
_b अप्रस्तुत प्रकाशन
_c1990
300 _a130 पृ.
_ccm.
650 _aहिन्दी साहित्य
_9156264
942 _hO152,2N305w,1, N0.1
_cTEXL
_2CC
999 _c310310
_d310310